Central Library OPAC University of Rajshahi

فيودور دوستويفسكي ;; Fyodor Dostoevsky / (Record no. 82034)

MARC details
000 -LEADER
fixed length control field 00777nam a2200241 a 4500
001 - CONTROL NUMBER
control field 82034)
003 - CONTROL NUMBER IDENTIFIER
rucl marc code BD-RjUL
005 - DATE AND TIME OF LATEST TRANSACTION
control field 20231003120318.0
008 - FIXED-LENGTH DATA ELEMENTS--GENERAL INFORMATION
fixed length control field 230903s1980 ii 000 0 urd d
035 ## - SYSTEM CONTROL NUMBER
System control number (BD-RjUL)82034)
040 ## - CATALOGING SOURCE
Original cataloging agency HUJI
Language of cataloging eng
Transcribing agency BD-RjUL
041 0# - LANGUAGE CODE
Language code of text/sound track or separate title urd
082 ## - DEWEY DECIMAL CLASSIFICATION NUMBER
Edition number 23
Classification number 891.7309
Author mark and year ANF 1980
100 1# - MAIN ENTRY--PERSONAL NAME
Personal name Conradi, Peter J.,
Dates associated with a name 1945-
9 (RLIN) 9331
245 10 - TITLE STATEMENT
Title فيودور دوستويفسكي ;; Fyodor Dostoevsky /
Statement of responsibility, etc. ظ. انصاري ;; Zoe Ansari
260 ## - PUBLICATION, DISTRIBUTION, ETC. (IMPRINT)
Place of publication, distribution, etc. NewDelhi :
Name of publisher, distributor, etc. Taraqi urdu Buwro,
Date of publication, distribution, etc. 1980.
300 ## - PHYSICAL DESCRIPTION
Pagination 184 pages ;
Size 23 cm.
490 1# - SERIES STATEMENT
Series statement Modern novelists
600 14 - SUBJECT ADDED ENTRY--PERSONAL NAME
Personal name Dostoyevsky, Fyodor,
Dates associated with a name 1821-1881
General subdivision Criticism and interpretation
Personal name Dostoyevsky, Fyodor,
Dates associated with a name 1821-1881
830 #0 - SERIES ADDED ENTRY--UNIFORM TITLE
Uniform title Modern novelists.
942 ## - ADDED ENTRY ELEMENTS (KOHA)
Source of classification or shelving scheme Dewey Decimal Classification
Koha item type Books
Holdings
Lost status Source of classification or shelving scheme Damaged status Not for loan Collection code Permanent Location Current Location Shelving location Date acquired Cost, normal purchase price Total Checkouts Full call number Date last seen Copy number Koha item type
  Dewey Decimal Classification   Not For Loan Non-fiction Central Library, University of Rajshahi Central Library, University of Rajshahi Reading Room 03/10/2023 8.50   U 891.7309 ANF 1980 03/10/2023 C-1 Books